000 00621nam a2200241Ia 4500
003 OSt
005 20221007070758.0
006 a|||||r|||| 00| 0
007 ta
008 221006b |||||||| |||| 00| 0 eng d
024 _a10,430
037 _cTextual
040 _aFLL
_cFLL
_beng
041 _2eng
_aeng
082 _aHZ:Z2qN57, M5
100 _aRao P.S. Au.
_9687687
245 0 _aLaw of mines and minerals
250 _a4th
260 _aHyderabad
_bAsia law house India
_c1985
300 _a406p
_ccm.
942 _hHZ:Z2qN57, M5
_cTEXL
_2CC
999 _c1141494
_d1141494